000 00347pam a2200145 a 4500
020 _c
041 _h
082 _a617.601
_bBAB
100 _aBabu ,
_eV.V.R.,
245 _aReview in Community Medicine
_hTextual Documents
250 _a2nd.
260 _a[s.l]:
_bVaishanvi offset Printers,
_c1996.
300 _a447:
_c24.5*18.5.
930 _a2694
999 _c42081
_d42081